Регионална библиотека "Любен Каравелов" - Русе

Биоенерготерапията (Запис номер 17630)

MARC детайли
000 -Лидер
Контролно поле с фиксирана дължина 01863nam a2200361 c 4500
003 - Код на организацията, давaща контролен номер
Контролно поле BLK
005 - Дата и час на последна редакция
Контролно поле 20180422094900.0
008 - Елементи от данни с фиксирана дължина
fixed length control field 180413b bul|||||r ||||||| ||bul||
010 ## - Наследен системен номер
LC control number KNG00019599000
040 ## - Източник на каталожния запис
Идентификатор на билиотеката - собственик на записа BLK
041 ## - Код за език
Код за езика на текст/звукозапис или на отделно заглавие Български
Код за езика КДБФ Български
072 #7 - Код за тематичната категория
Код организация bullib
Код за тематична категория Н61
Текст Медицина Н
080 ## - УДК
Текстов определител УДК Психотерапия - Психодрама, лечение по системата на йогите, колективна психотерапия, терапевтично влияние на музиката, изкуство. Медитация - психотерапевтични аспекти. Самовнушение. Вж и 616.89
УДК код - определител по УДК 615.851
УДК определител
УДК - код + определител 615.851
080 ## - УДК
Текстов определител УДК Хипноза. Сугестия. - Хипнотизиране, внушение, самовнушение, автосугестия
УДК код - определител по УДК 159.962
УДК определител
УДК - код + определител 159.962
100 1# - Редна дума - Автор
Автор Томов, Кубрат Савов
Авторска отговорност първи автор
R(LIN) 365172
139 ## - Редно поле
Редна дума Томов, Кубрат Савов
Авторски знак Томо - Т 70
245 10 - Сведения за заглавието
Заглавие Биоенерготерапията
Подзаглавни данни Принципи, правила, технология : Стратегически подход
Редно поле (дума) Кубрат Савов Томов.
257 ## - Страна на издаване
Страна на създаване/издаване България
260 ## - Област на издателските данни
-- София
Име на издателя, разпространителя и проч. Движение за нова култура
Година на издаване 2010
Печатница София : Христо Христов
300 ## - Физическа характеристика
Страници 104 с.
Илюстрации и др. с ил.
Размери/Мащаб 20 см
380 ## - Жанр
Жанр Медицина
490 1# - СЕРИИ (Колекции)
Име на серия Поредица Бъдещето, което идва
№: серия 15
500 ## - Общи забележки
Забележка Изд. на Първи унив. за нова култура. - Библиогр. с. 96-98
650 #4 - Допълнително описание по предмет – тема
Основно описание – тема или топоним Биоенерготерапия
9 (RLIN) 148661
653 ## - Ключова дума – ненормативна
Ключова дума психотерапия
653 ## - Ключова дума – ненормативна
Ключова дума медитация
659 ## - Тематичен бюлетин
Тематичен бюлетин Н
852 ## - Местоположение
Форматна сигнатура Цб 251286
856 4# - Електронен адрес и достъп
Електронен формат pdf - файл
Път до файла /url/
856 4# - Електронен адрес и достъп
Електронен формат pdf - файл
Път до файла /url/
942 ## - АРТИКУЛИ
Вид на библиотечния материал Книги
Скрит в OPAC Не
944 ## - СЪЗДАВАНЕ И РЕДАКЦИЯ на ЗАПИСА
Създаване/Редакция Създаване
Дата на регистрацията/редакция 21.03.2011
Служител, извършил регистрацията/редакцията Геновева_Генчева
944 ## - СЪЗДАВАНЕ И РЕДАКЦИЯ на ЗАПИСА
Създаване/Редакция Редакция
Дата на регистрацията/редакция 10.08.2011
Служител, извършил регистрацията/редакцията
999 ## - СИСТЕМНИ КОНТРОЛНИ НОМЕРА
Koha biblionumber 17630
Koha biblioitemnumber 17630
Наличности
Код за отписване Код за изгубен артикул Код за повреда Коз за рестрикции Код за отдаване Артикулен № Име на библиотеката - собственик Име на библиотеката, в която се намира в момента Статус (Текущо местоположение) Дата на вписване в системата Местоположение - отдел Цена в лева Инвентарен номер Систематично азбучна сигнатура Баркод Номер на екземпляра Цена в евро Служебна бележка Служебен тип на артикула
  Не е изгубен Не е повреден без рестрикции ползва се в читалня 29709 Регионална библиотека "Любен Каравелов" Русе Регионална библиотека "Любен Каравелов" Русе Хранилище 2011-03-21 Хранилище 5.00 120000749911 Цб 251286 120000749911 1 2.56 Дост: Dp Вид: Д N: 27 Дата: 07.07.2010 Книги
Vip Innovations Ltd, Rousse, Bulgaria 2025